000 00786nam a22002297a 4500
003 BUBTL
008 240703b ||||| |||| 00| 0 eng d
020 _a9788120349469
041 _aeng
082 _a001.42/ P1944r/ 2023
100 _95713
_aPanneerselvam, R.
245 _a Research methodology/
_cR. Panneerselvam
250 _a2nd ed
260 _aDelhi:
_bPHI Learning Private Limited,
_cc2023
300 _axvi, 699 p.:
_c23 cm.
500 _aIncludes Index
505 _a Research methodology, Overview of research methodology, Data collection and presentation, Review of basic statistical measures, Design and analysis of experiments
650 0 _939
_aManagement
856 _k0
_l0
_yDownload
942 _2ddc
_cBK
999 _c7331
_d7331